Krízové riadenie podniku diplomová práca

Na minha lista:
Detalhes bibliográficos
Autor principal: Režnáková, Ľubomíra
Autor Corporativo: Fakulta podnikového manažmentu EU. Katedra podnikových financií
Outros Autores: Jánošová, Veronika, 1953-
Formato: Livro
Idioma:eslovaco
Publicado em: Bratislava 2013
Tags: Adicionar Tag
Sem tags, seja o primeiro a adicionar uma tag!

MARC

LEADER 00000nbm a2200000 4500
001 0171054
005 20161109102426.9
041 0 |a slo 
044 |a SK 
245 1 0 |a Krízové riadenie podniku  |b diplomová práca  |c Ľubomíra Režnáková ; školiteľ: Veronika Jánošová 
264 1 |a Bratislava  |c 2013 
300 |a 80 s. 
100 1 |a Režnáková, Ľubomíra 
700 1 |a Jánošová, Veronika, 1953- 
710 2 |a Fakulta podnikového manažmentu EU. Katedra podnikových financií